[Event "15th Bangkok Chess Club Open Blitz 2015"]
[Site "Dusit Thani, Pattaya"]
[Date "2015.04.15"]
[Round "3.6"]
[White "Severino, Sander"]
[Black "Grafil, Franz Robert"]
[Result "*"]
[BlackElo "2156"]
[WhiteElo "2355"]
[LiveChessVersion "1.4.5"]

1. e4 {[%clk 0:03:02]} e6 {[%clk 0:03:04]} 2. d4 {[%clk 0:03:01]} d5
{[%clk 0:03:05]} 3. Nd2 {[%clk 0:03:01]} Nf6 {[%clk 0:03:06]} 4. e5
{[%clk 0:03:02]} Nfd7 {[%clk 0:03:07]} 5. Bd3 {[%clk 0:03:03]} c5
{[%clk 0:03:08]} 6. c3 {[%clk 0:03:05]} Nc6 {[%clk 0:03:09]} 7. Ne2
{[%clk 0:03:06]} cxd4 {[%clk 0:03:07]} 8. cxd4 {[%clk 0:03:07]} f6
{[%clk 0:03:08]} 9. exf6 {[%clk 0:03:07]} Qxf6 {[%clk 0:03:09]} 10. Nf3
{[%clk 0:03:06]} h6 {[%clk 0:03:08]} 11. O-O {[%clk 0:02:59]} Bd6
{[%clk 0:03:08]} 12. Ng3 {[%clk 0:02:54]} O-O {[%clk 0:03:05]} 13. Be3
{[%clk 0:02:46]} Rf7 {[%clk 0:02:54]} 14. Rc1 {[%clk 0:02:45]} Nf8
{[%clk 0:02:54]} 15. Re1 {[%clk 0:02:41]} Bd7 {[%clk 0:02:54]} 16. a3
{[%clk 0:02:32]} Be8 {[%clk 0:02:51]} 17. b4 {[%clk 0:02:21]} a6 {[%clk 0:02:52]}
18. Nh5 {[%clk 0:01:58]} Qd8 {[%clk 0:02:50]} 19. Bd2 {[%clk 0:01:48]} Rc7
{[%clk 0:02:38]} 20. Nf4 {[%clk 0:01:46]} Qf6 {[%clk 0:02:35]} 21. Ne2
{[%clk 0:01:30]} Rac8 {[%clk 0:02:36]} 22. Ng3 {[%clk 0:01:25]} Nxd4
{[%clk 0:02:26]} 23. Nxd4 {[%clk 0:01:24]} Qxd4 {[%clk 0:02:26]} 24. Rxc7
{[%clk 0:01:22]} Rxc7 {[%clk 0:02:24]} 25. Be3 {[%clk 0:01:21]} Qb2
{[%clk 0:02:21]} 26. Nh5 {[%clk 0:01:10]} Qxa3 {[%clk 0:02:03]} 27. Bb1
{[%clk 0:01:02]} Qxb4 {[%clk 0:02:00]} 28. Rf1 {[%clk 0:00:53]} Bxh2+
{[%clk 0:01:44]} 29. Kxh2 {[%clk 0:00:49]} Qh4+ {[%clk 0:01:46]} 30. Kg1
{[%clk 0:00:51]} Bxh5 {[%clk 0:01:39]} 31. Qb3 {[%clk 0:00:50]} Bg6
{[%clk 0:01:26]} 32. Qb6 {[%clk 0:00:48]} Qe7 {[%clk 0:01:16]} 33. Re1
{[%clk 0:00:31]} Bxb1 {[%clk 0:00:59]} 34. Qxb1 {[%clk 0:00:32]} b5
{[%clk 0:00:54]} 35. Bf4 {[%clk 0:00:30]} Rc4 {[%clk 0:00:55]} 36. Be5
{[%clk 0:00:31]} b4 {[%clk 0:00:53]} 37. Qa1 {[%clk 0:00:30]} Qb7
{[%clk 0:00:51]} 38. Re3 {[%clk 0:00:28]} Rg4 {[%clk 0:00:42]} 39. f3
{[%clk 0:00:21]} Rc4 {[%clk 0:00:39]} 40. f4 {[%clk 0:00:22]} b3 {[%clk 0:00:28]}
41. Rg3 {[%clk 0:00:23]} d4 {[%clk 0:00:28]} 42. Rxg7+ {[%clk 0:00:17]} Qxg7
{[%clk 0:00:27]} 43. Bxg7 {[%clk 0:00:18]} Kxg7 {[%clk 0:00:28]} 44. Kh2
{[%clk 0:00:18]} Kg8 {[%clk 0:00:20]} 45. Qb2 {[%clk 0:00:19]} Rb4
{[%clk 0:00:20]} 46. Qd2 {[%clk 0:00:18]} a5 {[%clk 0:00:21]} 47. f5
{[%clk 0:00:17]} exf5 {[%clk 0:00:20]} 48. Qxh6 {[%clk 0:00:17]} b2
{[%clk 0:00:20]} 49. Qg5+ Kf7 50. Qxf5+ {[%clk 0:00:20]} Ke7 {[%clk 0:00:23]} 51.
Qc5+ {[%clk 0:00:22]} Kd7 52. Qd5+ Ke7 {[%clk 0:00:19]} 53. Qc5+ {[%clk 0:00:25]}
Kf7 {[%clk 0:00:20]} 54. Qf5+ {[%clk 0:00:26]} Ke7 {[%clk 0:00:21]} 55. Qc5+
{[%clk 0:00:28]} Ke6 {[%clk 0:00:23]} 56. Qc6+ {[%clk 0:00:27]} Kf5
{[%clk 0:00:22]} 57. Qc5+ {[%clk 0:00:27]} Ke4 {[%clk 0:00:23]} 58. Qe7+
{[%clk 0:00:28]} Kd3 {[%clk 0:00:23]} 59. Qxf8 {[%clk 0:00:19]} b1=Q
{[%clk 0:00:23]} 60. Qf5+ {[%clk 0:00:20]} Kc3 {[%clk 0:00:23]} 61. Qxa5
{[%clk 0:00:17]} Qh7+ {[%clk 0:00:22]} 62. Kg3 {[%clk 0:00:18]} Qg7+
{[%clk 0:00:20]} 63. Kh2 {[%clk 0:00:20]} Qh7+ {[%clk 0:00:19]} 64. Kg3 Qg6+ 65.
Kh2 {[%clk 0:00:22]} Qd6+ {[%clk 0:00:22]} 66. Kh3 {[%clk 0:00:22]} d3
{[%clk 0:00:22]} 67. Qa1+ {[%clk 0:00:23]} Kc4 {[%clk 0:00:22]} 68. Qa2+
{[%clk 0:00:23]} Rb3 {[%clk 0:00:21]} 69. Qa4+ {[%clk 0:00:24]} Kc3
{[%clk 0:00:21]} 70. Qa1+ {[%clk 0:00:25]} Kc2 {[%clk 0:00:22]} 71. Qa2+
{[%clk 0:00:25]} Kd1 72. Qxb3+ {[%clk 0:00:25]} Ke2 {[%clk 0:00:22]} 73. Qc4
{[%clk 0:00:22]} Qh6+ {[%clk 0:00:20]} 74. Kg4 {[%clk 0:00:20]} Qg6+
{[%clk 0:00:19]} 75. Kh3 {[%clk 0:00:21]} Qh5+ {[%clk 0:00:20]} 76. Kg3
{[%clk 0:00:21]} Qg5+ {[%clk 0:00:18]} 77. Kh3 {[%clk 0:00:22]} Qe3+
{[%clk 0:00:17]} 78. g3 {[%clk 0:00:23]} Kf2 {[%clk 0:00:16]} 79. Qf7+
{[%clk 0:00:22]} Qf3 {[%clk 0:00:14]} 80. Qa7+ {[%clk 0:00:23]} Qe3
{[%clk 0:00:13]} 81. Qf7+ {[%clk 0:00:24]} Qf3 {[%clk 0:00:14]} 82. Qa7+
{[%clk 0:00:25]} Qe3 {[%clk 0:00:11]} 83. Qf7+ {[%clk 0:00:25]} Kg1
{[%clk 0:00:11]} 84. Qb3 {[%clk 0:00:14]} d2 {[%clk 0:00:09]} 85. Qb1+
{[%clk 0:00:15]} Kf2 {[%clk 0:00:09]} 86. Qf5+ {[%clk 0:00:13]} Ke2
{[%clk 0:00:07]} 87. Qb5+ {[%clk 0:00:13]} Qd3 {[%clk 0:00:08]} 88. Qh5+
{[%clk 0:00:12]} Qf3 {[%clk 0:00:09]} 89. Qb5+ {[%clk 0:00:13]} Qd3
{[%clk 0:00:09]} 90. Qh5+ {[%clk 0:00:14]} Ke1 {[%clk 0:00:09]} 91. Qe5+
{[%clk 0:00:14]} Kf2 {[%clk 0:00:10]} 92. Qf4+ {[%clk 0:00:15]} Ke2
{[%clk 0:00:09]} 93. Kg2 {[%clk 0:00:15]} Qd5+ {[%clk 0:00:07]} 94. Kh3
{[%clk 0:00:16]} d1=Q {[%clk 0:00:07]} *

[Event "15th Bangkok Chess Club Open Blitz 2015"]
[Site "Dusit Thani, Pattaya"]
[Date "2015.04.15"]
[Round "4.1"]
[White "Gavilan, Arnulfo"]
[Black "Ravi, Teja S."]
[Result "*"]
[BlackElo "2368"]
[WhiteElo "2244"]
[LiveChessVersion "1.4.5"]

1. e4 {[%clk 0:03:02]} c6 {[%clk 0:03:04]} 2. d4 {[%clk 0:03:02]} d5
{[%clk 0:03:05]} 3. exd5 {[%clk 0:03:03]} cxd5 {[%clk 0:03:06]} 4. Nf3
{[%clk 0:03:04]} Nc6 {[%clk 0:03:06]} 5. c3 {[%clk 0:03:04]} Nf6 {[%clk 0:03:06]}
6. h3 {[%clk 0:03:05]} g6 {[%clk 0:03:03]} 7. Bd3 {[%clk 0:03:02]} Bg7
{[%clk 0:03:05]} 8. O-O {[%clk 0:03:00]} Qc7 {[%clk 0:03:05]} 9. Re1
{[%clk 0:02:59]} O-O {[%clk 0:03:05]} 10. Bg5 {[%clk 0:02:59]} Nh5
{[%clk 0:02:52]} 11. Qd2 {[%clk 0:02:50]} e5 {[%clk 0:02:38]} 12. dxe5
{[%clk 0:02:39]} Nxe5 {[%clk 0:02:38]} 13. Nxe5 {[%clk 0:02:27]} Bxe5
{[%clk 0:02:39]} 14. Be2 {[%clk 0:02:26]} Bf4 {[%clk 0:02:24]} 15. Bxf4
{[%clk 0:02:20]} Nxf4 {[%clk 0:02:25]} 16. Bf3 {[%clk 0:02:18]} Be6
{[%clk 0:02:19]} 17. Na3 {[%clk 0:02:18]} a6 {[%clk 0:02:18]} 18. Nc2
{[%clk 0:02:18]} Rad8 {[%clk 0:02:05]} 19. Nd4 {[%clk 0:02:17]} Rfe8
{[%clk 0:02:06]} 20. Rad1 {[%clk 0:02:08]} Bc8 {[%clk 0:02:00]} 21. Ne2
{[%clk 0:01:57]} Nxe2+ {[%clk 0:01:45]} 22. Rxe2 {[%clk 0:01:57]} Rxe2
{[%clk 0:01:43]} 23. Qxe2 {[%clk 0:01:57]} Be6 {[%clk 0:01:42]} 24. Rd4
{[%clk 0:01:55]} Qa5 {[%clk 0:01:37]} 25. a3 {[%clk 0:01:51]} Qb6
{[%clk 0:01:38]} 26. Qd2 {[%clk 0:01:48]} Kg7 {[%clk 0:01:38]} 27. c4
{[%clk 0:01:45]} Rd6 {[%clk 0:01:25]} 28. b4 {[%clk 0:01:25]} Qd8
{[%clk 0:01:14]} 29. cxd5 {[%clk 0:01:15]} Bf5 {[%clk 0:01:13]} 30. Qe3
{[%clk 0:01:07]} Qf6 {[%clk 0:01:12]} 31. Rf4 {[%clk 0:01:01]} h5
{[%clk 0:01:04]} 32. g4 {[%clk 0:00:50]} hxg4 {[%clk 0:01:05]} 33. hxg4
{[%clk 0:00:52]} Qa1+ {[%clk 0:01:06]} 34. Kg2 {[%clk 0:00:52]} Bd7
{[%clk 0:00:12]} 35. Qe7 {[%clk 0:00:49]} Rf6 36. Rxf6 *

[Event "15th Bangkok Chess Club Open Blitz 2015"]
[Site "Dusit Thani, Pattaya"]
[Date "2015.04.15"]
[Round "4.2"]
[White "Wang, Hao"]
[Black "Dimakiling, Oliver"]
[Result "*"]
[BlackElo "2422"]
[WhiteElo "2705"]
[LiveChessVersion "1.4.5"]

1. e4 {[%clk 0:03:03]} d6 {[%clk 0:03:02]} 2. d4 {[%clk 0:03:04]} c6
{[%clk 0:03:02]} 3. Nc3 {[%clk 0:03:05]} Nf6 {[%clk 0:03:01]} 4. Nf3
{[%clk 0:03:06]} b5 {[%clk 0:02:59]} 5. a3 {[%clk 0:03:05]} Bb7 {[%clk 0:02:58]}
6. e5 {[%clk 0:02:50]} dxe5 {[%clk 0:02:59]} 7. dxe5 {[%clk 0:02:51]} Qxd1+
{[%clk 0:02:59]} 8. Nxd1 {[%clk 0:02:52]} Nd5 {[%clk 0:02:55]} 9. Ne3
{[%clk 0:02:45]} e6 {[%clk 0:02:55]} 10. Nxd5 {[%clk 0:02:45]} exd5
{[%clk 0:02:56]} 11. Bd3 {[%clk 0:02:37]} Nd7 {[%clk 0:02:56]} 12. b4
{[%clk 0:02:35]} a5 {[%clk 0:02:56]} 13. Rb1 {[%clk 0:02:36]} axb4
{[%clk 0:02:55]} 14. axb4 {[%clk 0:02:37]} Nb6 {[%clk 0:02:49]} 15. O-O
{[%clk 0:02:36]} Nc4 {[%clk 0:02:38]} 16. Nd4 {[%clk 0:02:34]} Be7
{[%clk 0:02:14]} 17. Re1 {[%clk 0:02:25]} O-O {[%clk 0:02:13]} 18. Nf5
{[%clk 0:02:19]} Rfe8 {[%clk 0:02:13]} 19. Bf4 {[%clk 0:02:11]} Bf8
{[%clk 0:02:10]} 20. h4 {[%clk 0:02:08]} Bc8 {[%clk 0:02:06]} 21. Nd4
{[%clk 0:01:43]} Bd7 {[%clk 0:02:07]} 22. Bg3 {[%clk 0:01:41]} Ra4
{[%clk 0:02:06]} 23. c3 {[%clk 0:01:41]} Ra3 {[%clk 0:02:07]} 24. Rbc1
{[%clk 0:01:38]} Bxb4 {[%clk 0:01:56]} 25. Nc2 {[%clk 0:01:31]} Bxc3
{[%clk 0:01:57]} 26. Nxa3 {[%clk 0:01:32]} Bxe1 {[%clk 0:01:57]} 27. Bxc4
{[%clk 0:01:33]} Bb4 {[%clk 0:01:55]} 28. Nc2 {[%clk 0:01:30]} bxc4
{[%clk 0:01:48]} 29. Nxb4 {[%clk 0:01:31]} Ra8 {[%clk 0:01:46]} 30. Rd1
{[%clk 0:01:21]} Kf8 {[%clk 0:01:44]} 31. f3 {[%clk 0:01:19]} Ke7
{[%clk 0:01:41]} 32. Nc2 {[%clk 0:01:17]} Ra2 {[%clk 0:01:39]} 33. Ne3
{[%clk 0:01:10]} Be6 {[%clk 0:01:37]} 34. Be1 {[%clk 0:01:10]} Rb2
{[%clk 0:01:26]} 35. Bc3 {[%clk 0:01:04]} Rb3 {[%clk 0:01:26]} 36. Bd4
{[%clk 0:01:04]} Kd7 {[%clk 0:01:26]} 37. Kf2 {[%clk 0:00:55]} h5
{[%clk 0:01:26]} 38. Ke2 {[%clk 0:00:55]} Kc7 {[%clk 0:01:26]} 39. Ra1
{[%clk 0:00:52]} Rd3 {[%clk 0:01:25]} 40. Nc2 {[%clk 0:00:48]} Rb3
{[%clk 0:01:18]} 41. Bc5 {[%clk 0:00:47]} Rb2 {[%clk 0:01:14]} 42. Kd1
{[%clk 0:00:47]} g6 {[%clk 0:01:04]} 43. Nd4 {[%clk 0:00:46]} Bc8
{[%clk 0:00:58]} 44. Ra7+ {[%clk 0:00:29]} Bb7 {[%clk 0:00:59]} 45. g4
{[%clk 0:00:28]} Rh2 {[%clk 0:00:55]} 46. gxh5 {[%clk 0:00:18]} gxh5
{[%clk 0:00:56]} 47. Nf5 {[%clk 0:00:19]} Kb8 {[%clk 0:00:50]} 48. Nd6
{[%clk 0:00:20]} Bc8 {[%clk 0:00:40]} 49. Rxf7 {[%clk 0:00:17]} Bh3
{[%clk 0:00:30]} 50. Re7 {[%clk 0:00:13]} c3 {[%clk 0:00:30]} 51. e6
{[%clk 0:00:13]} c2+ {[%clk 0:00:30]} 52. Kc1 {[%clk 0:00:14]} Re2
{[%clk 0:00:30]} 53. Ba7+ {[%clk 0:00:13]} Ka8 {[%clk 0:00:31]} 54. Nc8
{[%clk 0:00:14]} *

[Event "15th Bangkok Chess Club Open Blitz 2015"]
[Site "Dusit Thani, Pattaya"]
[Date "2015.04.15"]
[Round "4.3"]
[White "Dragun, Kamil"]
[Black "Bartel, Michal"]
[Result "1-0"]
[BlackElo "2381"]
[WhiteElo "2537"]
[LiveChessVersion "1.4.5"]

1. d4 {[%clk 0:03:03]} Nf6 {[%clk 0:03:03]} 2. c4 {[%clk 0:03:04]} c5
{[%clk 0:03:05]} 3. d5 e6 4. Nc3 {[%clk 0:03:06]} exd5 {[%clk 0:03:08]} 5. cxd5
{[%clk 0:03:07]} d6 {[%clk 0:03:09]} 6. e4 {[%clk 0:03:08]} g6 {[%clk 0:03:10]}
7. Nf3 {[%clk 0:03:09]} Bg7 {[%clk 0:03:12]} 8. Nd2 {[%clk 0:03:08]} Nbd7
{[%clk 0:03:13]} 9. Be2 {[%clk 0:03:09]} O-O {[%clk 0:03:14]} 10. O-O
{[%clk 0:03:09]} Re8 {[%clk 0:03:15]} 11. a4 {[%clk 0:03:10]} a6 {[%clk 0:03:15]}
12. Re1 {[%clk 0:03:08]} Rb8 {[%clk 0:03:15]} 13. Qc2 {[%clk 0:03:04]} Nb6
{[%clk 0:02:42]} 14. a5 {[%clk 0:02:41]} Na8 {[%clk 0:02:42]} 15. Nc4
{[%clk 0:02:39]} b5 {[%clk 0:02:33]} 16. axb6 {[%clk 0:02:39]} Nxb6
{[%clk 0:02:35]} 17. Na5 {[%clk 0:02:38]} Qc7 {[%clk 0:02:22]} 18. Nc6
{[%clk 0:02:37]} Ra8 {[%clk 0:02:23]} 19. Bf4 {[%clk 0:02:31]} Nfd7
{[%clk 0:02:19]} 20. Na4 {[%clk 0:02:17]} Bb7 {[%clk 0:02:13]} 21. Nxb6
{[%clk 0:02:14]} Nxb6 {[%clk 0:02:14]} 22. Na5 {[%clk 0:02:15]} Bc8
{[%clk 0:02:06]} 23. h4 {[%clk 0:02:11]} Bd7 {[%clk 0:02:06]} 24. h5
{[%clk 0:02:11]} Bb5 {[%clk 0:02:01]} 25. h6 {[%clk 0:02:11]} Bf6
{[%clk 0:02:01]} 26. Bf3 {[%clk 0:02:07]} Nxd5 {[%clk 0:01:57]} 27. exd5
{[%clk 0:02:01]} Rxe1+ {[%clk 0:01:58]} 28. Rxe1 {[%clk 0:02:01]} Qxa5
{[%clk 0:02:00]} 29. Bd2 {[%clk 0:01:45]} Qd8 {[%clk 0:01:52]} 30. Bc3
{[%clk 0:01:44]} Bxc3 {[%clk 0:01:39]} 31. Qxc3 {[%clk 0:01:44]} Qf8
{[%clk 0:01:41]} 32. Qf6 {[%clk 0:01:42]} Re8 {[%clk 0:01:24]} 33. Rxe8
{[%clk 0:01:38]} Bxe8 {[%clk 0:01:25]} 34. g4 {[%clk 0:01:33]} Qxh6
{[%clk 0:01:22]} 35. Qxd6 {[%clk 0:01:33]} Qc1+ {[%clk 0:01:22]} 36. Kg2
{[%clk 0:01:34]} Qxb2 {[%clk 0:01:19]} 37. Qe7 {[%clk 0:01:14]} Qb5
{[%clk 0:01:17]} 38. d6 {[%clk 0:01:11]} a5 {[%clk 0:01:13]} 39. Bd5
{[%clk 0:01:11]} Qd7 {[%clk 0:00:19]} 40. Bxf7+ {[%clk 0:01:08]} Kg7
{[%clk 0:00:20]} 41. Bxe8+ {[%clk 0:00:58]} Qxe7 {[%clk 0:00:20]} 42. dxe7
{[%clk 0:00:56]} Kf6 {[%clk 0:00:21]} 43. Bxg6 {[%clk 0:03:02]} 1-0

[Event "15th Bangkok Chess Club Open Blitz 2015"]
[Site "Dusit Thani, Pattaya"]
[Date "2015.04.15"]
[Round "4.4"]
[White "Hemant, Sharma"]
[Black "Biag, Ivan Gil"]
[Result "*"]
[BlackElo "2328"]
[WhiteElo "2325"]
[LiveChessVersion "1.4.5"]

1. c4 {[%clk 0:03:02]} c6 {[%clk 0:03:03]} 2. e4 {[%clk 0:03:02]} d5
{[%clk 0:03:04]} 3. exd5 {[%clk 0:03:03]} cxd5 {[%clk 0:03:05]} 4. d4
{[%clk 0:03:05]} Nf6 {[%clk 0:03:06]} 5. Nc3 {[%clk 0:03:06]} Nc6
{[%clk 0:03:07]} 6. Nf3 {[%clk 0:03:07]} Bg4 {[%clk 0:03:08]} 7. Be3
{[%clk 0:03:03]} e6 {[%clk 0:03:08]} 8. h3 {[%clk 0:03:04]} Bh5 {[%clk 0:03:08]}
9. c5 {[%clk 0:03:00]} Be7 {[%clk 0:03:00]} 10. a3 {[%clk 0:03:01]} O-O
{[%clk 0:02:57]} 11. Be2 {[%clk 0:03:01]} Ne4 {[%clk 0:02:46]} 12. O-O
{[%clk 0:03:00]} Nxc3 {[%clk 0:02:45]} 13. bxc3 {[%clk 0:03:02]} b6
{[%clk 0:02:46]} 14. cxb6 {[%clk 0:02:55]} Qxb6 {[%clk 0:02:46]} 15. c4
{[%clk 0:02:54]} dxc4 {[%clk 0:02:44]} 16. d5 {[%clk 0:02:55]} Qa6
{[%clk 0:02:07]} 17. dxc6 Qxc6 {[%clk 0:02:08]} 18. Nd4 {[%clk 0:02:57]} *

[Event "15th Bangkok Chess Club Open Blitz 2015"]
[Site "Dusit Thani, Pattaya"]
[Date "2015.04.15"]
[Round "4.5"]
[White "Laylo, Darwin"]
[Black "Alahakoon, Isuru"]
[Result "*"]
[BlackElo "2152"]
[WhiteElo "2465"]
[LiveChessVersion "1.4.5"]

1. c4 {[%clk 0:03:03]} Nf6 {[%clk 0:03:03]} 2. Nc3 {[%clk 0:03:04]} c5
{[%clk 0:03:03]} 3. e4 {[%clk 0:03:04]} d6 {[%clk 0:03:02]} 4. g3
{[%clk 0:03:05]} b6 {[%clk 0:03:02]} 5. Bg2 {[%clk 0:03:06]} Bb7 {[%clk 0:03:02]}
6. Nge2 {[%clk 0:03:06]} e6 {[%clk 0:02:59]} 7. O-O {[%clk 0:03:05]} a6
{[%clk 0:02:57]} 8. d3 {[%clk 0:03:06]} Qc7 {[%clk 0:02:55]} 9. h3
{[%clk 0:03:06]} Be7 {[%clk 0:02:56]} 10. f4 {[%clk 0:03:01]} Nbd7
{[%clk 0:02:56]} 11. Be3 {[%clk 0:02:51]} O-O {[%clk 0:02:55]} 12. g4
{[%clk 0:02:50]} Rfd8 {[%clk 0:02:06]} 13. g5 {[%clk 0:02:50]} Ne8
{[%clk 0:02:05]} 14. Ng3 {[%clk 0:02:40]} g6 {[%clk 0:01:59]} 15. h4
{[%clk 0:02:41]} Bf8 {[%clk 0:01:58]} 16. Qd2 {[%clk 0:02:33]} Bg7
{[%clk 0:01:58]} 17. Rf2 {[%clk 0:02:28]} Nf8 {[%clk 0:01:52]} 18. Raf1
{[%clk 0:02:29]} f5 {[%clk 0:01:38]} 19. gxf6 {[%clk 0:02:23]} Nxf6
{[%clk 0:01:38]} 20. Bh3 {[%clk 0:02:21]} d5 {[%clk 0:01:36]} 21. e5
{[%clk 0:02:06]} d4 {[%clk 0:01:37]} 22. exf6 {[%clk 0:02:06]} dxe3
{[%clk 0:01:33]} 23. Qxe3 {[%clk 0:02:06]} Bxf6 {[%clk 0:01:33]} 24. Nge4
{[%clk 0:01:43]} Bd4 {[%clk 0:01:31]} 25. Qg3 {[%clk 0:01:44]} b5
{[%clk 0:00:34]} 26. Kh2 {[%clk 0:01:28]} b4 {[%clk 0:00:35]} 27. Ne2
{[%clk 0:01:27]} Bxf2 {[%clk 0:00:34]} 28. Rxf2 {[%clk 0:01:29]} Bxe4
{[%clk 0:00:31]} 29. dxe4 {[%clk 0:01:30]} Qc6 {[%clk 0:00:22]} 30. Bg2
{[%clk 0:01:27]} Qd7 {[%clk 0:00:19]} 31. e5 {[%clk 0:01:28]} Rab8
{[%clk 0:00:19]} 32. h5 {[%clk 0:01:26]} Qd3 {[%clk 0:00:19]} 33. Qh4
{[%clk 0:01:27]} Qe3 {[%clk 0:00:13]} 34. h6 {[%clk 0:01:26]} Rd2
{[%clk 0:00:12]} 35. Qf6 {[%clk 0:01:21]} Rb7 {[%clk 0:00:12]} 36. Bxb7 *

[Event "15th Bangkok Chess Club Open Blitz 2015"]
[Site "Dusit Thani, Pattaya"]
[Date "2015.04.15"]
[Round "4.6"]
[White "Socko, Bartosz"]
[Black "Barbosa, Oliver"]
[Result "*"]
[BlackElo "2610"]
[WhiteElo "2623"]
[LiveChessVersion "1.4.5"]

1. e4 {[%clk 0:03:03]} e5 {[%clk 0:03:01]} 2. Nf3 {[%clk 0:03:03]} Nc6
{[%clk 0:03:00]} 3. Bc4 {[%clk 0:03:03]} Bc5 {[%clk 0:02:56]} 4. c3
{[%clk 0:03:04]} Nf6 {[%clk 0:02:56]} 5. d4 {[%clk 0:03:04]} exd4
{[%clk 0:02:55]} 6. e5 {[%clk 0:03:05]} d5 {[%clk 0:02:47]} 7. Bb5
{[%clk 0:03:05]} Ne4 {[%clk 0:02:47]} 8. cxd4 {[%clk 0:03:05]} Bb6
{[%clk 0:02:45]} 9. Nc3 {[%clk 0:03:04]} O-O {[%clk 0:02:41]} 10. O-O
{[%clk 0:03:03]} Bg4 {[%clk 0:02:38]} 11. Be3 {[%clk 0:02:45]} Ne7
{[%clk 0:02:39]} 12. Be2 {[%clk 0:02:41]} Nf5 {[%clk 0:02:26]} 13. Rc1
{[%clk 0:02:33]} c6 {[%clk 0:02:13]} 14. Na4 {[%clk 0:02:32]} f6 {[%clk 0:02:01]}
15. exf6 {[%clk 0:02:24]} Qxf6 {[%clk 0:02:00]} 16. Nxb6 {[%clk 0:01:54]} axb6
{[%clk 0:02:00]} 17. Ne5 {[%clk 0:01:50]} Bxe2 {[%clk 0:01:44]} 18. Qxe2
{[%clk 0:01:51]} Qe6 {[%clk 0:01:35]} 19. a3 {[%clk 0:01:48]} Ned6
{[%clk 0:01:24]} 20. Rfd1 {[%clk 0:01:31]} Rae8 {[%clk 0:01:24]} 21. Qg4
{[%clk 0:01:12]} b5 {[%clk 0:01:19]} 22. h3 {[%clk 0:01:02]} Nc4 {[%clk 0:01:14]}
23. Nxc4 {[%clk 0:00:54]} dxc4 {[%clk 0:01:13]} 24. Bf4 {[%clk 0:00:50]} Nh6
{[%clk 0:00:43]} 25. Qxe6+ {[%clk 0:00:43]} Rxe6 {[%clk 0:00:43]} 26. Bxh6
{[%clk 0:00:42]} Rxh6 {[%clk 0:00:42]} 27. Re1 {[%clk 0:00:43]} Rd6
{[%clk 0:00:38]} 28. Re7 {[%clk 0:00:39]} Rxd4 {[%clk 0:00:36]} 29. Rc2
{[%clk 0:00:40]} Rfd8 {[%clk 0:00:26]} 30. Rxb7 {[%clk 0:00:32]} Rd1+
{[%clk 0:00:27]} 31. Kh2 {[%clk 0:00:33]} R1d2 {[%clk 0:00:28]} 32. Rc3
{[%clk 0:00:22]} Rxf2 {[%clk 0:00:28]} 33. Re3 {[%clk 0:00:13]} Rf7
{[%clk 0:00:22]} 34. Rb6 {[%clk 0:00:13]} Rc8 {[%clk 0:00:20]} 35. Re6
{[%clk 0:00:15]} Rfc7 {[%clk 0:00:22]} 36. a4 {[%clk 0:00:09]} Kf7
{[%clk 0:00:22]} 37. Re4 {[%clk 0:00:10]} bxa4 {[%clk 0:00:11]} 38. Rxc4
{[%clk 0:00:12]} Ke6 {[%clk 0:00:08]} 39. Rxa4 Kd5 {[%clk 0:00:09]} 40. Ra5+
{[%clk 0:00:10]} c5 {[%clk 0:00:10]} 41. Rb3 {[%clk 0:00:06]} Kd4
{[%clk 0:00:10]} 42. Rg3 {[%clk 0:00:06]} c4 {[%clk 0:00:08]} 43. Rf5
{[%clk 0:00:06]} Re7 {[%clk 0:00:07]} 44. Rg4+ {[%clk 0:00:07]} Kd3
{[%clk 0:00:07]} 45. Rg3+ {[%clk 0:00:07]} Kc2 {[%clk 0:00:08]} 46. Rf2+
{[%clk 0:00:07]} Kb1 {[%clk 0:00:09]} 47. Rc3 {[%clk 0:00:07]} Rb7
{[%clk 0:00:09]} 48. Rf4 {[%clk 0:00:08]} Rb4 {[%clk 0:00:10]} 49. b3
{[%clk 0:00:05]} Rxb3 {[%clk 0:00:05]} 50. Rcxc4 {[%clk 0:00:05]} Rxc4
{[%clk 0:00:05]} 51. Rxc4 {[%clk 0:00:06]} Rb7 {[%clk 0:00:06]} 52. Kg3
{[%clk 0:00:07]} Kb2 {[%clk 0:00:07]} 53. Kf4 {[%clk 0:00:08]} Kb3
{[%clk 0:00:08]} 54. Rc1 {[%clk 0:00:08]} Kb2 {[%clk 0:00:04]} 55. Rc5
{[%clk 0:00:09]} Rf7+ {[%clk 0:00:05]} 56. Kg5 {[%clk 0:00:09]} Kb3
{[%clk 0:00:06]} 57. g4 {[%clk 0:00:09]} Kb4 {[%clk 0:00:08]} 58. Rc1
{[%clk 0:00:10]} Ra7 {[%clk 0:00:07]} 59. h4 {[%clk 0:00:11]} Ra5+
{[%clk 0:00:08]} 60. Kf4 {[%clk 0:00:11]} Ra7 {[%clk 0:00:09]} 61. Kf5
{[%clk 0:00:12]} Rf7+ {[%clk 0:00:10]} 62. Kg5 {[%clk 0:00:13]} Ra7
{[%clk 0:00:11]} 63. h5 {[%clk 0:00:14]} Ra5+ {[%clk 0:00:11]} 64. Kf4
{[%clk 0:00:14]} h6 {[%clk 0:00:12]} 65. Rc7 {[%clk 0:00:14]} Rg5
{[%clk 0:00:04]} 66. Rf7 {[%clk 0:00:14]} g6 {[%clk 0:00:06]} 67. hxg6
{[%clk 0:00:11]} Rxg6 {[%clk 0:00:07]} 68. Rc7 {[%clk 0:00:09]} Kb5
{[%clk 0:00:08]} 69. Kf5 {[%clk 0:00:08]} Rg5+ {[%clk 0:00:09]} 70. Kf4
{[%clk 0:00:09]} Rg6 {[%clk 0:00:11]} 71. Rc1 {[%clk 0:00:10]} Kb6
{[%clk 0:00:12]} 72. Rc2 {[%clk 0:00:09]} Kb5 {[%clk 0:00:13]} 73. Rh2
{[%clk 0:00:09]} Kc5 {[%clk 0:00:13]} 74. Rh4 {[%clk 0:00:08]} Kd5
{[%clk 0:00:13]} 75. Kf5 {[%clk 0:00:09]} Ra6 {[%clk 0:00:13]} 76. Rh1
{[%clk 0:00:10]} Kd4 {[%clk 0:00:13]} 77. Rd1+ {[%clk 0:00:09]} Ke3
{[%clk 0:00:14]} 78. Rd5 {[%clk 0:00:09]} Rb6 79. Ra5 {[%clk 0:00:09]} Rc6
{[%clk 0:00:14]} 80. Re5+ {[%clk 0:00:08]} Kf3 {[%clk 0:00:15]} 81. Re1
{[%clk 0:00:04]} Rc5+ {[%clk 0:00:15]} 82. Kg6 {[%clk 0:00:05]} *

[Event "15th Bangkok Chess Club Open Blitz 2015"]
[Site "Dusit Thani, Pattaya"]
[Date "2015.04.15"]
[Round "5.1"]
[White "Biag, Ivan Gil"]
[Black "Laylo, Darwin"]
[Result "*"]
[BlackElo "2465"]
[WhiteElo "2328"]
[LiveChessVersion "1.4.5"]

1. e4 {[%clk 0:03:03]} e6 {[%clk 0:03:00]} 2. d4 {[%clk 0:03:03]} d5
{[%clk 0:03:01]} 3. Nc3 {[%clk 0:03:04]} Nf6 {[%clk 0:02:55]} 4. e5
{[%clk 0:03:05]} Nfd7 {[%clk 0:02:56]} 5. f4 {[%clk 0:03:06]} c5 {[%clk 0:02:57]}
6. Nf3 {[%clk 0:03:07]} Nc6 {[%clk 0:02:58]} 7. Be3 {[%clk 0:03:08]} a6
{[%clk 0:02:58]} 8. Qd2 {[%clk 0:03:08]} b5 {[%clk 0:02:59]} 9. dxc5
{[%clk 0:03:07]} Bxc5 {[%clk 0:02:58]} 10. Bd3 {[%clk 0:03:08]} Qb6
{[%clk 0:02:47]} 11. Bf2 {[%clk 0:03:09]} Bxf2+ {[%clk 0:02:43]} 12. Qxf2
{[%clk 0:03:09]} Qxf2+ {[%clk 0:02:42]} 13. Kxf2 {[%clk 0:03:09]} b4
{[%clk 0:02:41]} 14. Na4 {[%clk 0:03:06]} a5 {[%clk 0:02:37]} 15. Rhc1
{[%clk 0:03:03]} Ba6 {[%clk 0:02:22]} 16. Bxa6 {[%clk 0:03:01]} Rxa6
{[%clk 0:02:23]} 17. c4 {[%clk 0:03:02]} bxc3 {[%clk 0:01:59]} 18. Rxc3
{[%clk 0:03:01]} Ke7 {[%clk 0:01:49]} 19. Rac1 {[%clk 0:02:32]} Nb4
{[%clk 0:01:50]} 20. Rb3 {[%clk 0:02:22]} Ra7 {[%clk 0:01:24]} 21. Nd4
{[%clk 0:02:16]} Raa8 {[%clk 0:00:41]} 22. a3 {[%clk 0:02:08]} Na6
{[%clk 0:00:42]} 23. Rb7 {[%clk 0:02:07]} Ke8 {[%clk 0:00:15]} 24. Ra7 *